00458nam a2200193 a 4500001001300000003000900013005001700022008003800039020001000077082001500087100001900102245003900121260001300160300000800173500003500181505001300216650001600229700001900245nice12345678IN_TiNIC20260116011856.0050524s0000 a grp 000 0 urd  ac10000a239bBAR12 aBarkatullah, P aMasih Ki Shan Az Rue Injil-E-Quran abc0000 a32p aincludes index and biblioraphy2 aAppendix aApologetics1 aBarkatullah, P